Isole nella Storia - Statistics

Statistiche generali
  • Questo quiz è stato fatto 2.295 volte
  • Il punteggio medio è 15 su 30
Statistiche sulle risposte
Indizi storici Risposta % Corretto
E' stata guidata da Fidel Castro per 50 anni Cuba
97%
E' stata la culla della civiltà Minoica Creta
85%
Gli abitanti costruirono grandi facce di pietra conosciute come "moai" Isola di Pasqua
80%
Prima del 1500, era possibile raggiungere a piedi quest'isola dall'India Sri Lanka
76%
Vi sbarcò Garibaldi coi Mille nel 1860 e gli Alleati anglo-americani nel 1943 Sicilia
75%
La Turchia ha invaso quest'isola nel 1974 e oggi controlla circa il 40% della sua terra Cipro
74%
Isola del Mediterraneo governata dai Cavalieri Ospitalieri dal 1530 al 1798 Malta
73%
Foscolo vi dedicò una famosa poesia Zante
73%
Il colosso di quest'isola era una statua alta 33 metri del dio Helios Rodi
72%
Fino al II secolo d.C. fu abitata dalla civiltà Nuragica Sardegna
65%
Isola che diede i natali a Napoleone Corsica
63%
Nel 2012 fu il teatro del naufragio della Costa Concordia Giglio
62%
L'isola prigione di massima sicurezza dove Al Capone trascorse un po' di tempo Alcatraz
59%
Isola remota nel mezzo dell'Atlantico dove Napoleone morì nel 1821 Sant'Elena
59%
Fu l'esilio di Napoleone prima dei Cento Giorni Elba
58%
Dove la religione rasta ha avuto inizio negli anni '30 Giamaica
56%
Dove Chiang Kai-shek e il suo esercito si rifugiarono nel 1949 Taiwan
56%
Precedentemente noto come Terra di Van Dieman, si unì all'Australia nel 1901 Tasmania
50%
Il Vallo di Adriano la divise a metà nel II secolo d.C Gran Bretagna
47%
Nel 1964 si unì al Tanganica per formare la Tanzania Zanzibar
40%
Subì una devastante carestia negli anni '40 dell'Ottocento Irlanda
39%
Con il trattato di Parigi del 1898 la Spagna fu obbligata a cedere quest'isola agli Stati Uniti Puerto Rico
32%
Sede del Parlamento più antico del mondo, l'Althing Islanda
28%
L'ampia varietà di specie endemiche animali e vegetali presente è data dal distaccamento dal supercontinente Gondwana circa 140 milioni di anni fa Madagascar
26%
I coloni olandesi acquistarono quest'isola dai nativi americani per beni del valore di 60 fiorini (circa $ 1000 in denaro di oggi) Manhattan
22%
La metà occidentale di quest'isola era governata da "Papa Doc" e "Baby Doc" Duvalier Hispaniola
19%
Nel 1819, Stamford Raffles fondò una colonia britannica in questo sito strategico vicino lo stretto di Malacca Singapore
19%
Un divieto di armi ha contribuito allo sviluppo del karate su quest'isola Okinawa
15%
Nel 1943 l'esercito italiano subì un eccidio da parte dei nazisti Cefalonia
13%
Isola carcere al largo di Città del Capo dove fu rinchiuso Nelson Mandela Robben Island
9%
Nessun quiz corrispondente trovato
Distribuzione punteggi
Percentuale di utenti per punteggio
Percentile per numero di risposta
I tuoi punteggi nel tempo
Non hai fatto questo quiz